Statistics for First Name Movie Titles

Click here to take the quiz!

General Stats

  • This quiz has been taken 30,655 times
    (21,977 since last reset)
  • The average score is 11 of 19

Answer Stats

Description Movie % Correct
A man is best friends with his childhood teddy bear, who has come to lifeTed
90%
Biopic about the life of Ray CharlesRay
89%
Cate Blanchett is the Queen of EnglandElizabeth
81%
It's a hard knock life for this redheaded oprhanAnnie
81%
Norse God must regain his mojo after being banished to EarthThor
77%
Yo, Adrian! I punched that guy's face in real goodRocky
77%
They picked the WRONG girl to spill pig's blood on at the promCarrie
76%
Cultural learnings of America for make benefit glorious nation of KazakhstanBorat
72%
Musical version of a Charles Dickens novelOliver!
64%
Colin Farrell brings his considerable acting talents to this film about a Greek conquerorAlexander
62%
Biopic about a Mexican painter with a famous unibrowFrida
47%
Thanks to a miracle drug, a young woman can use more than 10% of her brain, giving her
incredible physical and mental abilities
Lucy
47%
Gay fashionista seeks to become the biggest Austrian superstar since HitlerBrüno
43%
Genius girl uses telekinesis to defeat evil principalMatilda
43%
Mischievous Parisian woman secretly improves the lives of those around herAmélie
40%
Undersized Notre Dame student wants to be a football starRudy
39%
Movie based on a controversial Nabokov bookLolita
38%
Paris orphan lives in a train station and tries to fix an automatonHugo
32%
Presidential look-alike accidentally becomes the real PresidentDave
26%

Score Distribution

Percentile by Number Answered

Percent of People with Each Score

Your Score History

You have not taken this quiz since the last reset